000 00512nam a2200205 a 4500
001 BRCA_6936
005 20190320205641.0
008 171111s1927----u--a######---#000-0#eng-#
041 _aeng
044 _au
050 4 _aGV1282
_b.L46 1927
100 1 _aLenz, Sidney S.
_917287
245 1 0 _aLenz on bridge
260 _aNueva York
_bSimon & Schuster
_c1927
300 _avi, 379 p.
_bil.
_c20 cm.
500 _aO160
650 1 4 _aApuestas
_xJuego de cartas (Bridge)
_915655
902 _aGFM
942 _2lcc
_cB
999 _c6618
_d6618